00652nam a2200229 a 4500001001300000003000900013005001700022008004100039020000900080082002000089100001900109245003500128260002800163300000900191500003500200650001900235700001900254902000800273942000700281952011900288999001500407nice12345678IN_TiNIC20260116013130.0070718s1995 boma grp 000 0 eng  ac8500a266.00954bMAT3 aMattam, Joseph aDimensions of Mission in India aBombaybSt. Paulsc1995 a216p aincludes index and biblioraphy aMissions-India1 aMattam, Joseph bSRS cBK 001040708StackRoom-aHMIbHMId2011-08-05g85.00l0o266.00954 MAT3p019224r2011-08-05v85.00w2007-07-18yBK c9787d9787